Das Buch der Pyramiden /

محفوظ في:

المؤلف الرئيسي: Ceram, C. W., 1915-1972. (مؤلف)

التنسيق: كتاب

اللغة: German

منشور في: Reinbek (bei Hamburg) : Rowohlt, ©1980.

الموضوعات:

الوسوم: إضافة وسم

لا توجد وسوم, كن أول من يضع وسما على هذه التسجيلة!

رقم الطلب: DT60 .M3 1980

LEADER 00632namaa2200217 4500
001 16404
003 OSt
005 20250623070045.0
008 130303s1980 gw af 000 0 ger d
020 |a 3499174111 
040 |c ARCE Library 
050 4 |a DT60 .M3 1980 
100 1 |a Ceram, C. W.,   |d 1915-1972.  |e author  |9 27859 
245 1 0 |a Das Buch der Pyramiden /   |c C. W. Ceram. 
264 1 |a Reinbek (bei Hamburg) :   |b Rowohlt,   |c ©1980. 
300 |a 188 pages, [16] pages of plates :   |b illustrations ;   |c 18 cm. 
650 0 |a Egyptology   |x History. 
651 0 |a Egypt  |x Antiquities. 
901 |a reviewed 
942 |c BK  |2 lcc 
999 |c 14154  |d 14154